ھجو م آ ئینھ / (Record no. 57232)

MARC details
000 -LEADER
fixed length control field 00910nam a22002537a 4500
005 - DATE AND TIME OF LATEST TRANSACTION
control field 20100826122442.0
008 - FIXED-LENGTH DATA ELEMENTS--GENERAL INFORMATION
fixed length control field 090109t xxu||||| |||| 00| 0urd d
010 ## - LCCN (DPL NO)
LC control number UR-7924
020 ## - INTERNATIONAL STANDARD BOOK NUMBER
Terms of availability 500.00
International Standard Book Number 9788182236219
035 ## - SYSTEM CONTROL NUMBER
System control number U-6479
037 ## - SOURCE OF ACQUISITION
Source of stock number/acquisition DBAD/PUB
040 ## - CATALOGING SOURCE
Original cataloging agency DPL
Language of cataloging urd
082 ## - DEWEY DECIMAL CLASSIFICATION NUMBER
Classification number 841
100 ## - MAIN ENTRY--PERSONAL NAME
9 (RLIN) 12785
Personal name فر ید پر بتی
245 ## - TITLE STATEMENT
Title ھجو م آ ئینھ /
Remainder of title
Statement of responsibility, etc فر ید پر بتی
246 ## - VARYING FORM OF TITLE
Title proper/short title Hajoom-E-Aiena
Remainder of title by Farid Parbati
260 ## - PUBLICATION, DISTRIBUTION, ETC. (IMPRINT)
Place of publication, distribution, etc دہلی
Date of publication, distribution, etc 2010
Name of publisher, distributor, etc ایجوکیشنل پبلشنگ ہاؤس
270 ## - ADDRESS
Address 3108,Vakil Street, Kucha Pandit,Lal Kuan
City Delhi
Postal code 110006
Electronic mail address www.ephbooks.com
Telephone number 011-23216162
Fax number 0091-11-23211540
300 ## - PHYSICAL DESCRIPTION
Extent 451 ص
Dimensions 22 س م (Hb)
650 ## - SUBJECT ADDED ENTRY--TOPICAL TERM
9 (RLIN) 12786
700 ## - ADDED ENTRY--PERSONAL NAME
9 (RLIN) 34961
942 ## - ADDED ENTRY ELEMENTS (KOHA)
Source of classification or shelving scheme Dewey Decimal Classification
Item type Urdu Bks
Classification part 841
Call number suffix ف ر ی
Holdings
Withdrawn status Lost status Source of classification or shelving scheme Damaged status Not for loan Collection code Home library Current library Date acquired Cost, normal purchase price Total Checkouts Full call number Barcode Date last seen Copy number Cost, replacement price Koha item type
    Dewey Decimal Classification     Non-fiction D.B.Act.Division D.B.Act.Division 03/10/2011 500.00   841 ف ر ی U-6479 03/10/2011 1 500.00 Urdu Bks

© Delhi Public Library
Hit Counter
free hit counter